[Event "Winnipeg TNT July op"]
[Site "Winnipeg"]
[Date "2013.07.09"]
[Round "2"]
[White "Mundwiler, Les"]
[Black "Atem, James"]
[Result "0-1"]
[WhiteElo "2033"]
[BlackElo "1805"]
[PlyCount "112"]
[EventDate "2013.07.02"]
[EventType "swiss"]
[EventRounds "5"]
[EventCountry "CAN"]
[SourceTitle "EXT 2022"]
[Source "ChessBase"]
[SourceDate "2021.10.06"]
[SourceVersion "1"]
[SourceVersionDate "2021.10.06"]
[SourceQuality "1"]

1. d4 c6 2. c4 e6 3. a3 Be7 4. Nc3 Nf6 5. Nf3 d5 6. e3 Nbd7 7. Bd3 Qc7 8. Qe2 a6 9. c5 e5 10. e4 exd4 11. exd5 Nxc5 12. Nxd4 Nxd3+ 13. Qxd3 cxd5 14. 0-0 0-0 15. h3 Qc4 16. Rd1 Bc5 17. Bf4 Re8 18. Nf3 Qxd3 19. Rxd3 Bf5 20. Rd2 Ne4 21. Rxd5 Bxf2+ 22. Kf1 Nxc3 23. Rxf5 Ne4 24. Rd1 Bg3 25. Bc1 Bc7 26. Rfd5 Ng3+ 27. Kg1 Rac8 28. Bg5 h6 29. Bh4 Re2 30. Bxg3 Bxg3 31. Rd8+ Rxd8 32. Rxd8+ Kh7 33. Rd2 Rxd2 34. Nxd2 Kg6 35. Kf1 Kf5 36. Ke2 Be5 37. b3 Kf4 38. Nf1 Ke4 39. Nd2+ Kd4 40. Nf3+ Ke4 41. Nd2+ Kf4 42. Nf1 b5 43. Kd3 Bb2 44. a4 bxa4 45. bxa4 Ke5 46. Kc4 Ke4 47. Kc5 a5 48. Nd2+ Kd3 49. Nc4 Bc3 50. Kb5 f5 51. Nxa5 Ke2 52. Nc6 Kf2 53. Nb4 Kxg2 54. a5 f4 55. a6 Bd4 56. Nd3 f3 0-1

[Event "Winnipeg TNT June op"]
[Site "Winnipeg"]
[Date "2013.06.18"]
[Round "3"]
[White "Mundwiler, Les"]
[Black "Wolchock, Theo"]
[Result "1-0"]
[WhiteElo "2051"]
[BlackElo "1724"]
[PlyCount "117"]
[EventDate "2013.06.04"]
[EventType "swiss"]
[EventRounds "4"]
[EventCountry "CAN"]
[SourceTitle "EXT 2022"]
[Source "ChessBase"]
[SourceDate "2021.10.06"]
[SourceVersion "1"]
[SourceVersionDate "2021.10.06"]
[SourceQuality "1"]

1. e4 e5 2. Nf3 d6 3. Nc3 Nf6 4. h3 Nc6 5. Bb5 Bd7 6. 0-0 Be7 7. d4 exd4 8. Nxd4 Nxd4 9. Bxd7+ Nxd7 10. Qxd4 Bf6 11. Qe3 0-0 12. Nd5 Re8 13. Nxf6+ Nxf6 14. f3 Qe7 15. Qb3 Rab8 16. Bg5 Qe5 17. Bxf6 Qxf6 18. c3 b6 19. Qc4 Rbc8 20. Qa6 Qg5 21. Qxa7 d5 22. f4 Qg3 23. Rf3 Qg6 24. e5 Qe4 25. Qb7 Qc4 26. Rd1 Qxa2 27. b4 Red8 28. Rfd3 Qa8 29. Rxd5 Rxd5 30. Qxd5 Qxd5 31. Rxd5 Kf8 32. g4 Ke7 33. Kg2 Ke6 34. c4 Ra8 35. f5+ Ke7 36. b5 Ra2+ 37. Kg3 Rc2 38. Rd4 Rc3+ 39. Kh4 Re3 40. f6+ gxf6 41. exf6+ Kxf6 42. g5+ Kg6 43. Rf4 Re6 44. Kg4 f6 45. h4 fxg5 46. hxg5 c6 47. Rf6+ Rxf6 48. gxf6 Kxf6 49. c5 Ke7 50. cxb6 Kd7 51. b7 Kc7 52. bxc6 Kb8 53. Kh5 Kc7 54. Kh6 Kb8 55. Kxh7 Kc7 56. Kg7 Kb8 57. Kf7 Kc7 58. Ke7 Kb8 59. Kd6 1-0

[Event "Winnipeg TNT June op"]
[Site "Winnipeg"]
[Date "2013.06.04"]
[Round "1"]
[White "Mundwiler, Les"]
[Black "Lipato, Ernesto"]
[Result "1-0"]
[WhiteElo "2051"]
[BlackElo "1437"]
[PlyCount "67"]
[EventDate "2013.06.04"]
[EventType "swiss"]
[EventRounds "4"]
[EventCountry "CAN"]
[SourceTitle "EXT 2022"]
[Source "ChessBase"]
[SourceDate "2021.10.06"]
[SourceVersion "1"]
[SourceVersionDate "2021.10.06"]
[SourceQuality "1"]

1. d4 e6 2. Nf3 h6 3. g3 Nc6 4. Bg2 Nf6 5. 0-0 d6 6. c4 Be7 7. b3 0-0 8. Bb2 a6 9. Nbd2 b6 10. Ne5 Bb7 11. Nxc6 Bxc6 12. Bxc6 Rb8 13. e4 Nh7 14. f4 b5 15. cxb5 axb5 16. Qe2 b4 17. d5 e5 18. Nc4 Bf6 19. fxe5 dxe5 20. Bxe5 Bxe5 21. Nxe5 Ng5 22. Nd7 Qe7 23. e5 Rbd8 24. Nxf8 Qc5+ 25. Kg2 Rxf8 26. h4 Ne6 27. Rac1 Nd4 28. Qf2 Qb6 29. e6 f6 30. e7 Nxc6 31. exf8Q+ Kxf8 32. Qxb6 cxb6 33. dxc6 Ke8 34. c7 1-0

[Event "Winnipeg TNT May op"]
[Site "Winnipeg"]
[Date "2013.05.21"]
[Round "3"]
[White "Mundwiler, Les"]
[Black "Samson, Larry"]
[Result "1-0"]
[WhiteElo "2034"]
[BlackElo "1531"]
[PlyCount "99"]
[EventDate "2013.05.07"]
[EventType "swiss"]
[EventRounds "4"]
[EventCountry "CAN"]
[SourceTitle "EXT 2022"]
[Source "ChessBase"]
[SourceDate "2021.10.06"]
[SourceVersion "1"]
[SourceVersionDate "2021.10.06"]
[SourceQuality "1"]

1. d4 Nf6 2. c4 g6 3. Nf3 Bg7 4. Nc3 d6 5. h3 Nbd7 6. Bf4 h6 7. e3 c6 8. Rc1 Qa5 9. Bd3 0-0 10. 0-0 Re8 11. Qc2 Nf8 12. Rb1 N6d7 13. b4 Qd8 14. Bh2 a6 15. d5 c5 16. a3 a5 17. bxa5 Rxa5 18. Nb5 b6 19. e4 Ra8 20. Rfe1 Ba6 21. Nc3 Qc7 22. a4 Ne5 23. Nxe5 dxe5 24. Qb3 Rab8 25. Red1 Qd6 26. Qa3 Ra8 27. Rb3 Nd7 28. Qc1 g5 29. Qe3 Nf8 30. Rdb1 Reb8 31. Qc1 Nd7 32. Qd1 Nf6 33. Ra3 Nd7 34. Rba1 Rb7 35. a5 Rab8 36. Qa4 Ra8 37. Qc6 Nb8 38. Qe8+ Bf8 39. axb6 Rxb6 40. Nb5 Qf6 41. Qd8 Kg7 42. Nc7 Kg8 43. Nxa8 Rd6 44. Qxb8 Bxc4 45. Bxc4 e6 46. Ra6 Rd8 47. Qxe5 Qe7 48. dxe6 f6 49. Qf5 Bg7 50. Ra7 1-0

[Event "Winnipeg TNT April op"]
[Site "Winnipeg"]
[Date "2013.04.02"]
[Round "1"]
[White "Mundwiler, Les"]
[Black "Towns, Barry"]
[Result "1-0"]
[WhiteElo "2066"]
[BlackElo "1740"]
[PlyCount "63"]
[EventDate "2013.04.02"]
[EventType "swiss"]
[EventRounds "5"]
[EventCountry "CAN"]
[SourceTitle "EXT 2022"]
[Source "ChessBase"]
[SourceDate "2021.10.06"]
[SourceVersion "1"]
[SourceVersionDate "2021.10.06"]
[SourceQuality "1"]

1. Nf3 Nf6 2. g3 g6 3. Bg2 Bg7 4. d4 d5 5. 0-0 0-0 6. b3 b6 7. Bb2 Bb7 8. Ne5 Nbd7 9. c4 c5 10. e3 Nxe5 11. dxe5 Nd7 12. f4 e6 13. cxd5 exd5 14. Bxd5 Nxe5 15. Bxb7 Qxd1 16. Rxd1 Rad8 17. Rxd8 Nf3+ 18. Bxf3 Bxb2 19. Rxf8+ Kxf8 20. Nd2 Bxa1 21. Kf2 Ke7 22. Ke2 h5 23. Kd3 Kd7 24. Bd5 Ke7 25. e4 f6 26. Nf3 Bb2 27. e5 Kf8 28. exf6 Bxf6 29. Ne5 Kg7 30. h4 a6 31. Be4 b5 32. Nxg6 1-0

[Event "Winnipeg TNT March op"]
[Site "Winnipeg"]
[Date "2013.03.19"]
[Round "3"]
[White "Mundwiler, Les"]
[Black "Boron, Anthony"]
[Result "1-0"]
[WhiteElo "2035"]
[BlackElo "1980"]
[PlyCount "101"]
[EventDate "2013.03.05"]
[EventType "swiss"]
[EventRounds "4"]
[EventCountry "CAN"]
[SourceTitle "EXT 2022"]
[Source "ChessBase"]
[SourceDate "2021.10.06"]
[SourceVersion "1"]
[SourceVersionDate "2021.10.06"]
[SourceQuality "1"]

1. Nf3 Nf6 2. g3 d5 3. Bg2 c6 4. 0-0 g6 5. d4 Bg7 6. b3 0-0 7. Bb2 Nbd7 8. Nbd2 a5 9. a4 Re8 10. Re1 Qc7 11. c4 Qb6 12. cxd5 cxd5 13. Rc1 Ng4 14. h3 Ngf6 15. Ne5 e6 16. e4 dxe4 17. Ndc4 Qa6 18. Bf1 Rd8 19. Ba3 Nxe5 20. Nxe5 Qa7 21. Bc5 Qb8 22. Bb6 Rf8 23. Qd2 Nd5 24. Bxa5 e3 25. fxe3 Bxe5 26. dxe5 Qxe5 27. Kh2 b6 28. Bc3 Nxc3 29. Qxc3 Qf5 30. Bg2 Rb8 31. Qc7 Ba6 32. Qf4 Qa5 33. Red1 Bb7 34. e4 Rbc8 35. Rxc8 Bxc8 36. Qc7 Ba6 37. Rd6 Qe5 38. Qxb6 Bb7 39. Qd4 Qg5 40. b4 h5 41. h4 Qg4 42. Qd1 Rc8 43. Qxg4 hxg4 44. Rb6 Ba8 45. e5 Bf3 46. Bxf3 gxf3 47. Kg1 Rc2 48. a5 Kg7 49. a6 Ra2 50. b5 Rg2+ 51. Kf1 1-0

[Event "Winnipeg TNT February op"]
[Site "Winnipeg"]
[Date "2013.02.26"]
[Round "4"]
[White "Mundwiler, Les"]
[Black "Kernetsky, Myron"]
[Result "1/2-1/2"]
[WhiteElo "2011"]
[BlackElo "2058"]
[PlyCount "128"]
[EventDate "2013.02.05"]
[EventType "swiss"]
[EventRounds "4"]
[EventCountry "CAN"]
[SourceTitle "EXT 2022"]
[Source "ChessBase"]
[SourceDate "2021.10.06"]
[SourceVersion "1"]
[SourceVersionDate "2021.10.06"]
[SourceQuality "1"]

1. d4 Nf6 2. c4 e6 3. a3 b6 4. Nc3 Ba6 5. e3 Be7 6. b4 Bb7 7. Bd2 a5 8. b5 0-0 9. Nf3 d5 10. cxd5 exd5 11. Bd3 Bd6 12. Qb1 Nbd7 13. Ng5 h6 14. h4 Qe7 15. Nh7 Rfe8 16. Nxf6+ Nxf6 17. Bc1 Ne4 18. Nxe4 dxe4 19. Be2 Bd5 20. Bb2 f5 21. g3 Qf7 22. Qc2 Rac8 23. 0-0 Rf8 24. Rac1 Qg6 25. Kh2 f4 26. exf4 Rxf4 27. Bc4 Rxh4+ 28. Kg2 Bxc4 29. Qxc4+ Kh7 30. Qe2 Rf8 31. Rc3 Rhf4 32. f3 exf3+ 33. Rfxf3 Rxf3 34. Rxf3 Rxf3 35. Qxf3 Qc2+ 36. Qf2 Qxf2+ 37. Kxf2 g5 38. g4 Kg6 39. a4 h5 40. Kf3 Bf4 41. d5 h4 42. Bd4 Kf7 43. Bb2 Ke7 44. Ba3+ Kd7 45. Kf2 Ke8 46. Kf3 Kf7 47. Bb2 Ke7 48. Ba3+ Kf6 49. Bb2+ Kf7 50. Kg2 Ke8 51. Kf3 Kd7 52. Ba3 h3 53. Kf2 Be5 54. Kg1 Bg3 55. Kh1 Bf4 56. Kg1 Ke8 57. Kh1 Kf7 58. Bb2 Ke7 59. Ba3+ Kf6 60. Bb2+ Be5 61. Bc1 Bg3 62. Bb2+ Kg6 63. Ba3 Be5 64. Bc1 Kf6 1/2-1/2

[Event "Winnipeg TNT February op"]
[Site "Winnipeg"]
[Date "2013.02.12"]
[Round "2"]
[White "Mundwiler, Les"]
[Black "Melamedoff, Gustavo"]
[Result "1/2-1/2"]
[WhiteElo "2011"]
[BlackElo "2066"]
[PlyCount "128"]
[EventDate "2013.02.05"]
[EventType "swiss"]
[EventRounds "4"]
[EventCountry "CAN"]
[SourceTitle "EXT 2022"]
[Source "ChessBase"]
[SourceDate "2021.10.06"]
[SourceVersion "1"]
[SourceVersionDate "2021.10.06"]
[SourceQuality "1"]

1. e4 c5 2. Nc3 Nc6 3. g3 g6 4. Bg2 Bg7 5. Nge2 e6 6. 0-0 Nge7 7. f4 0-0 8. d3 d5 9. a3 Rb8 10. g4 dxe4 11. dxe4 Qxd1 12. Rxd1 Nd4 13. Nxd4 Bxd4+ 14. Kh1 Nc6 15. Ne2 e5 16. f5 c4 17. Bh6 Rd8 18. c3 Bb6 19. Bg5 Rxd1+ 20. Rxd1 Bc7 21. Bf6 Kf8 22. h4 Ke8 23. h5 Ne7 24. hxg6 hxg6 25. Bf3 Bd7 26. Kg2 Ng8 27. Bg5 a6 28. Rh1 f6 29. Rh8 Ke7 30. Be3 g5 31. Bc5+ Kf7 32. Rh7+ Ke8 33. Rg7 Nh6 34. Rh7 Nf7 35. Ng3 b6 36. Be3 Bc6 37. Be2 b5 38. Kf3 Bd6 39. Nh5 Ke7 40. Rg7 Rh8 41. Rg6 Rh6 42. Rg8 Rh8 43. Rg7 Rh6 44. Bb6 Kf8 45. Rg6 Ke7 46. Rg8 Rh8 47. Bd8+ Kd7 48. Rxh8 Nxh8 49. Bxf6 Nf7 50. Ng7 Be7 51. Bxe7 Kxe7 52. Nh5 Nd6 53. Ng3 Kf6 54. Ke3 Nb7 55. Bd1 Nc5 56. Bc2 a5 57. Kf3 a4 58. Nf1 Ke7 59. Ne3 Kd6 60. Nf1 Ke7 61. Ng3 Kf6 62. Nh5+ Ke7 63. Ng3 Kf6 64. Nf1 Ke7 1/2-1/2

[Event "Winnipeg TNT February op"]
[Site "Winnipeg"]
[Date "2013.02.05"]
[Round "1"]
[White "Wolchock, Theo"]
[Black "Mundwiler, Les"]
[Result "0-1"]
[WhiteElo "1696"]
[BlackElo "2011"]
[PlyCount "56"]
[EventDate "2013.02.05"]
[EventType "swiss"]
[EventRounds "4"]
[EventCountry "CAN"]
[SourceTitle "EXT 2022"]
[Source "ChessBase"]
[SourceDate "2021.10.06"]
[SourceVersion "1"]
[SourceVersionDate "2021.10.06"]
[SourceQuality "1"]

1. c4 c5 2. g3 Nc6 3. Bg2 e6 4. Nc3 Nf6 5. e3 d5 6. cxd5 exd5 7. d4 c4 8. a3 Be7 9. Nge2 Bg4 10. 0-0 0-0 11. Qc2 Bxe2 12. Nxe2 Qd7 13. Bd2 b5 14. Rac1 Rab8 15. Nf4 Rfd8 16. b4 a5 17. Rb1 axb4 18. Bxb4 Bxb4 19. axb4 Qd6 20. Qc3 g6 21. Rfc1 Ra8 22. Ra1 Nxb4 23. Rcb1 Rxa1 24. Qxa1 Nc2 25. Qb2 Na3 26. Nxd5 Nxd5 27. Ra1 b4 28. Bxd5 Qxd5 0-1

[Event "Winnipeg TNT January op"]
[Site "Winnipeg"]
[Date "2013.01.29"]
[Round "4"]
[White "Mundwiler, Les"]
[Black "Babb, Jeff"]
[Result "0-1"]
[WhiteElo "1991"]
[BlackElo "2198"]
[PlyCount "130"]
[EventDate "2013.01.08"]
[EventType "swiss"]
[EventRounds "4"]
[EventCountry "CAN"]
[SourceTitle "EXT 2022"]
[Source "ChessBase"]
[SourceDate "2021.10.06"]
[SourceVersion "1"]
[SourceVersionDate "2021.10.06"]
[SourceQuality "1"]

1. d4 Nf6 2. c4 c5 3. e3 g6 4. Nc3 Bg7 5. Nf3 0-0 6. Be2 b6 7. 0-0 Bb7 8. Qb3 Na6 9. Rd1 d6 10. a3 Rb8 11. Qc2 Bc6 12. Rb1 Nc7 13. b4 Qe8 14. d5 Bd7 15. b5 Bg4 16. h3 Bxf3 17. Bxf3 Nd7 18. Ne2 Ne5 19. Bb2 f5 20. Bxe5 Bxe5 21. g3 Qf7 22. Bg2 Kh8 23. f4 Bg7 24. e4 Rbe8 25. Nc3 e5 26. Rf1 exf4 27. gxf4 Bd4+ 28. Kh1 Qg7 29. Ne2 fxe4 30. Bxe4 Qe7 31. Bf3 Qh4 32. Bg2 Bg7 33. Rb3 Re7 34. Rbf3 Ne8 35. Qd3 Nf6 36. Re3 Rfe8 37. Rxe7 Rxe7 38. Qg3 Qxg3 39. Nxg3 Re3 40. Rf3 Re1+ 41. Rf1 Rxf1+ 42. Bxf1 Bh6 43. f5 Bf4 44. Ne2 Be5 45. fxg6 hxg6 46. Ng1 Kg7 47. Nf3 Bb2 48. a4 Ne4 49. Kg2 Nc3 50. Bd3 Nxa4 51. Nh4 Bc1 52. Kf3 Nb2 53. Be2 Kf6 54. Ng2 Ke5 55. Nh4 g5 56. Ng6+ Kd4 57. Ne7 Nxc4 58. Nf5+ Kxd5 59. Bxc4+ Kxc4 60. Nxd6+ Kd3 61. Ne4 c4 62. Nf2+ Kc3 63. Ke4 Kb4 64. Nd1 Kxb5 65. Kd4 Bd2 0-1

[Event "Winnipeg TNT January op"]
[Site "Winnipeg"]
[Date "2013.01.15"]
[Round "2"]
[White "Towns, Barry"]
[Black "Mundwiler, Les"]
[Result "0-1"]
[WhiteElo "1668"]
[BlackElo "1991"]
[PlyCount "78"]
[EventDate "2013.01.08"]
[EventType "swiss"]
[EventRounds "4"]
[EventCountry "CAN"]
[SourceTitle "EXT 2022"]
[Source "ChessBase"]
[SourceDate "2021.10.06"]
[SourceVersion "1"]
[SourceVersionDate "2021.10.06"]
[SourceQuality "1"]

1. b4 d5 2. Bb2 e6 3. f4 Nf6 4. b5 a6 5. a4 axb5 6. axb5 Rxa1 7. Bxa1 b6 8. Nf3 Bb7 9. e3 Nbd7 10. c4 dxc4 11. Bxc4 Nc5 12. 0-0 Be7 13. Nc3 0-0 14. Ne5 Qa8 15. f5 Bxg2 16. Rf2 Bb7 17. fxe6 fxe6 18. d4 Bd6 19. dxc5 Bxe5 20. Bxe6+ Kh8 21. c6 Bc8 22. Ra2 Qb8 23. Qb3 Bxe6 24. Qxe6 Re8 25. Qh3 Qd8 26. Qf3 Qd3 27. Ra7 Qd2 28. Nd1 Qxh2+ 29. Kf1 Ne4 30. Qxe4 Rf8+ 31. Ke1 Bg3+ 32. Nf2 Qxf2+ 33. Kd1 Qf1+ 34. Kc2 Qf7 35. Be5 Bxe5 36. Qxe5 Qc4+ 37. Kb1 Rf1+ 38. Kb2 Rf2+ 39. Ka3 Ra2# 0-1

[Event "Winnipeg TNT October op"]
[Site "Winnipeg"]
[Date "2012.10.23"]
[Round "4"]
[White "Pang, Michael"]
[Black "Mundwiler, Les"]
[Result "1-0"]
[WhiteElo "1904"]
[BlackElo "2054"]
[PlyCount "77"]
[EventDate "2012.10.02"]
[EventType "swiss"]
[EventRounds "5"]
[EventCountry "CAN"]
[SourceTitle "EXT 2022"]
[Source "ChessBase"]
[SourceDate "2021.10.06"]
[SourceVersion "1"]
[SourceVersionDate "2021.10.06"]
[SourceQuality "1"]

1. e4 e5 2. Nf3 Nc6 3. Bb5 Nd4 4. Nxd4 exd4 5. 0-0 c6 6. Bc4 Nf6 7. Re1 d6 8. e5 dxe5 9. Rxe5+ Be7 10. Qe1 b5 11. Bb3 a5 12. a4 Ra7 13. axb5 0-0 14. d3 Bd6 15. Re2 cxb5 16. f3 Qc7 17. Qh4 a4 18. Ba2 Re8 19. Rxe8+ Nxe8 20. Na3 Ba6 21. Bg5 h6 22. Re1 Ra8 23. Be7 Be5 24. Qh5 Qxe7 25. Rxe5 Nf6 26. Rxe7 Nxh5 27. Rxf7 Kh8 28. Rd7 b4 29. Nc4 a3 30. bxa3 Bxc4 31. dxc4 Rxa3 32. Bb3 Nf4 33. c5 Ra5 34. c6 Rc5 35. c7 Kh7 36. Kf2 d3 37. cxd3 Ng6 38. d4 Rc3 39. Bg8+ 1-0

[Event "Winnipeg TNT October op"]
[Site "Winnipeg"]
[Date "2012.10.09"]
[Round "2"]
[White "Mundwiler, Les"]
[Black "Leaden, Bruce"]
[Result "1-0"]
[WhiteElo "2054"]
[BlackElo "1567"]
[PlyCount "69"]
[EventDate "2012.10.02"]
[EventType "swiss"]
[EventRounds "5"]
[EventCountry "CAN"]
[SourceTitle "EXT 2022"]
[Source "ChessBase"]
[SourceDate "2021.10.06"]
[SourceVersion "1"]
[SourceVersionDate "2021.10.06"]
[SourceQuality "1"]

1. e4 c5 2. b4 e5 3. Nf3 Nc6 4. Bc4 cxb4 5. d3 Bc5 6. 0-0 d6 7. h3 Nge7 8. Nbd2 0-0 9. Nb3 a6 10. Nxc5 dxc5 11. a3 b5 12. Ba2 Ng6 13. axb4 Nxb4 14. Bb1 Be6 15. Be3 Qe7 16. Qd2 c4 17. d4 exd4 18. Nxd4 Rfd8 19. c3 Nd3 20. Bxd3 cxd3 21. Nc6 Qd7 22. Nxd8 Qxd8 23. f4 Bc4 24. f5 Ne5 25. f6 gxf6 26. Bd4 Qd6 27. Qh6 Qf8 28. Qxf6 Ng6 29. Rxa6 Rxa6 30. Qxa6 d2 31. Rd1 Nf4 32. Rxd2 Ne2+ 33. Rxe2 Bxe2 34. Qf6 Bc4 35. Qh8# 1-0

[Event "Winnipeg TNT October op"]
[Site "Winnipeg"]
[Date "2012.10.02"]
[Round "1"]
[White "Reimer, Bruce"]
[Black "Mundwiler, Les"]
[Result "0-1"]
[WhiteElo "1568"]
[BlackElo "2054"]
[PlyCount "112"]
[EventDate "2012.10.02"]
[EventType "swiss"]
[EventRounds "5"]
[EventCountry "CAN"]
[SourceTitle "EXT 2022"]
[Source "ChessBase"]
[SourceDate "2021.10.06"]
[SourceVersion "1"]
[SourceVersionDate "2021.10.06"]
[SourceQuality "1"]

1. c4 Nf6 2. Nc3 d6 3. g3 Nbd7 4. Bg2 c6 5. e4 e5 6. Nge2 Be7 7. 0-0 a6 8. d3 h5 9. Be3 Ng4 10. Qd2 h4 11. f3 Nxe3 12. Qxe3 hxg3 13. hxg3 Nc5 14. b4 Ne6 15. d4 exd4 16. Nxd4 Nxd4 17. Qxd4 Bf6 18. Qe3 Bh3 19. Bxh3 Rxh3 20. Kg2 Rh8 21. Rh1 Rg8 22. Rad1 Bxc3 23. Qxc3 Qe7 24. Qe3 0-0-0 25. Qa7 f5 26. Rhe1 fxe4 27. Rxe4 Qf6 28. Rde1 Qb2+ 29. R1e2 Qxb4 30. Qa8+ Kc7 31. Re7+ Kb6 32. Qxb7+ Kc5 33. Qa7+ Qb6 34. Qxb6+ Kxb6 35. Rb2+ Kc5 36. Ra7 Ra8 37. Re7 a5 38. Re6 a4 39. Rd2 Rgd8 40. Kf2 a3 41. Re3 Rdb8 42. Re6 Rb2 43. Rexd6 Rxd2+ 44. Rxd2 Kxc4 45. Rc2+ Kb5 46. Rc3 c5 47. Ke2 c4 48. Ke3 Kb4 49. Rc2 Rd8 50. Rd2 Re8+ 51. Kf2 Kc3 52. Rd7 Rb8 53. Re7 Rb2+ 54. Re2 Rxe2+ 55. Kxe2 Kb2 56. Kd2 c3+ 0-1

[Event "Winnipeg TNT September op"]
[Site "Winnipeg"]
[Date "2012.09.25"]
[Round "4"]
[White "Bince, Rolando"]
[Black "Mundwiler, Les"]
[Result "0-1"]
[WhiteElo "2030"]
[BlackElo "2041"]
[PlyCount "108"]
[EventDate "2012.09.04"]
[EventType "swiss"]
[EventRounds "4"]
[EventCountry "CAN"]
[SourceTitle "EXT 2022"]
[Source "ChessBase"]
[SourceDate "2021.10.06"]
[SourceVersion "1"]
[SourceVersionDate "2021.10.06"]
[SourceQuality "1"]

1. d4 Nf6 2. Nf3 d6 3. c4 Nbd7 4. Nc3 c6 5. e4 e5 6. d5 Qc7 7. Be2 h6 8. b4 a5 9. b5 cxd5 10. exd5 g6 11. a4 Bg7 12. Ra3 b6 13. 0-0 Nc5 14. Nd2 g5 15. Qc2 Bd7 16. Nb3 Nxb3 17. Rxb3 Bf8 18. Rd1 Be7 19. h3 g4 20. h4 Nh5 21. g3 0-0-0 22. Be3 f5 23. c5 bxc5 24. b6 Qb7 25. Kh2 Kb8 26. Bc4 f4 27. Bd2 Rhf8 28. Ne4 Bf5 29. Be1 fxg3+ 30. fxg3 Bd7 31. Re3 Rf3 32. Rxf3 gxf3 33. Bf2 Bc8 34. Qb3 Qd7 35. Bf1 Qg4 36. Qe3 Bg5 37. Nxg5 hxg5 38. Qxg5 Qxg5 39. hxg5 Kb7 40. Rb1 Bf5 41. Rb5 Ra8 42. Be1 Bc2 43. Bh3 Bxa4 44. Rxa5 Rxa5 45. Bxa5 e4 46. Bd2 Kxb6 47. Bg4 Ng7 48. Bc3 f2 49. Kg2 e3 50. Kf1 Nf5 51. Bxf5 Bb5+ 52. Kg2 f1Q+ 53. Kh2 Qxf5 54. Bf6 e2 0-1

[Event "Winnipeg TNT September op"]
[Site "Winnipeg"]
[Date "2012.09.11"]
[Round "2"]
[White "Mundwiler, Les"]
[Black "Li, Kevin"]
[Result "0-1"]
[WhiteElo "2213"]
[BlackElo "2041"]
[PlyCount "84"]
[EventDate "2012.09.04"]
[EventType "swiss"]
[EventRounds "4"]
[EventCountry "CAN"]
[SourceTitle "EXT 2022"]
[Source "ChessBase"]
[SourceDate "2021.10.06"]
[SourceVersion "1"]
[SourceVersionDate "2021.10.06"]
[SourceQuality "1"]

1. d4 f5 2. e4 fxe4 3. Nc3 Nf6 4. Bg5 g6 5. Bxf6 exf6 6. Nxe4 Qe7 7. Qe2 Bg7 8. 0-0-0 d5 9. Nc3 Qxe2 10. Bxe2 c6 11. Nf3 Nd7 12. h3 Nf8 13. Rhe1 Ne6 14. Kb1 Bd7 15. Bf1 0-0-0 16. Ne2 Rde8 17. Nc1 Ng5 18. Nxg5 fxg5 19. c3 g4 20. hxg4 Bxg4 21. f3 Bf5+ 22. Bd3 Bd7 23. Rh1 Bf6 24. Rde1 Rxe1 25. Rxe1 g5 26. Rh1 h5 27. Bg6 h4 28. Ne2 Rg8 29. Bd3 Re8 30. Kc2 g4 31. fxg4 Bxg4 32. Rf1 Bg5 33. Ng1 Re3 34. Rf8+ Bd8 35. Nh3 Rg3 36. Bf1 Kd7 37. Nf4 Be7 38. Rb8 Bf5+ 39. Kb3 Kc7 40. Re8 Bd6 41. Ne2 Rd3 42. Rh8 Rd1 0-1

[Event "Winnipeg TNT September op"]
[Site "Winnipeg"]
[Date "2012.09.04"]
[Round "1"]
[White "Towns, Barry"]
[Black "Mundwiler, Les"]
[Result "0-1"]
[WhiteElo "1674"]
[BlackElo "2041"]
[PlyCount "62"]
[EventDate "2012.09.04"]
[EventType "swiss"]
[EventRounds "4"]
[EventCountry "CAN"]
[SourceTitle "EXT 2022"]
[Source "ChessBase"]
[SourceDate "2021.10.06"]
[SourceVersion "1"]
[SourceVersionDate "2021.10.06"]
[SourceQuality "1"]

1. b4 Nf6 2. Bb2 d6 3. Nf3 Nbd7 4. e3 e5 5. Be2 Be7 6. 0-0 0-0 7. c4 b6 8. Nc3 Bb7 9. Qc2 Re8 10. e4 Nf8 11. Nd5 c6 12. Nxe7+ Qxe7 13. d3 Ng6 14. g3 Rac8 15. Qa4 Ba8 16. Rac1 d5 17. b5 dxe4 18. Ba3 c5 19. Nd2 exd3 20. Bxd3 Qd7 21. Bxg6 hxg6 22. Qd1 Qh3 23. f3 Rcd8 24. Qe2 e4 25. fxe4 Nxe4 26. Nxe4 Rxe4 27. Qf2 Qe6 28. Bb2 Re2 29. Rfe1 Rxf2 30. Rxe6 Rg2+ 31. Kf1 fxe6 0-1

[Event "Winnipeg TNT August op"]
[Site "Winnipeg"]
[Date "2012.08.07"]
[Round "1"]
[White "Mundwiler, Les"]
[Black "Wolchock, Theo"]
[Result "1-0"]
[WhiteElo "2045"]
[BlackElo "1708"]
[PlyCount "73"]
[EventDate "2012.08.07"]
[EventType "swiss"]
[EventRounds "4"]
[EventCountry "CAN"]
[SourceTitle "EXT 2022"]
[Source "ChessBase"]
[SourceDate "2021.10.06"]
[SourceVersion "1"]
[SourceVersionDate "2021.10.06"]
[SourceQuality "1"]

1. d4 Nf6 2. c4 c5 3. e3 e6 4. Nf3 d5 5. a3 Bd6 6. dxc5 Bxc5 7. b4 Be7 8. Bb2 0-0 9. Nbd2 Nc6 10. Be2 Bd7 11. 0-0 Rc8 12. Qb3 a6 13. Rfd1 Qb6 14. Rac1 Rfd8 15. Bxf6 Bxf6 16. cxd5 exd5 17. Qxd5 Be6 18. Nc4 Qa7 19. Qe4 Qb8 20. Nb6 Rxd1+ 21. Rxd1 Rd8 22. Nd5 Bxd5 23. Rxd5 Rxd5 24. Qxd5 Qd8 25. Bc4 Qxd5 26. Bxd5 Bb2 27. Bxc6 bxc6 28. Nd4 Bxd4 29. exd4 Kf8 30. Kf1 Ke7 31. Ke2 Ke6 32. Kd3 Kd5 33. f4 f6 34. f5 g6 35. g4 gxf5 36. gxf5 h6 37. h3 1-0

[Event "Winnipeg TNT April op"]
[Site "Winnipeg"]
[Date "2012.04.17"]
[Round "3"]
[White "Li, Kevin"]
[Black "Mundwiler, Les"]
[Result "1-0"]
[WhiteElo "2221"]
[BlackElo "2085"]
[PlyCount "69"]
[EventDate "2012.04.03"]
[EventType "swiss"]
[EventRounds "4"]
[EventCountry "CAN"]
[SourceTitle "EXT 2022"]
[Source "ChessBase"]
[SourceDate "2021.10.06"]
[SourceVersion "1"]
[SourceVersionDate "2021.10.06"]
[SourceQuality "1"]

1. e4 c5 2. Nf3 d6 3. d4 cxd4 4. Qxd4 Nc6 5. Bb5 Bd7 6. Bxc6 Bxc6 7. Nc3 Nf6 8. Bg5 e6 9. 0-0-0 Be7 10. Rhe1 0-0 11. Kb1 Qa5 12. Bd2 Qc5 13. Qxc5 dxc5 14. Ne5 Rac8 15. Nxc6 Rxc6 16. Bg5 Rcc8 17. e5 Nd5 18. Bxe7 Nxe7 19. Rd7 Nd5 20. Nxd5 exd5 21. Rxd5 Rc7 22. f4 b6 23. c4 h5 24. Kc2 g6 25. Rd6 Re8 26. Kd3 Ree7 27. Ke4 f5+ 28. Kd5 Kg7 29. Re3 Kh7 30. Rg3 Rg7 31. e6 Rge7 32. Ke5 Kh6 33. Kf6 Rg7 34. h4 Rg8 35. e7 1-0